5HLuxD.jpg

KING HENRY VIII SENIOR AND PRIMARY SCHOOL LIBRARY OPAC

Cosmo and the Magic Sneeze (Record no. 4035)

000 -LEADER
fixed length control field 00489nam a22001457a 4500
008 - FIXED-LENGTH DATA ELEMENTS--GENERAL INFORMATION
fixed length control field 250107b ||||| |||| 00| 0 eng d
020 ## - INTERNATIONAL STANDARD BOOK NUMBER
International Standard Book Number 978-0-330-43729-5
022 ## - INTERNATIONAL STANDARD SERIAL NUMBER
International Standard Serial Number 978-0-330-43729-5
082 ## - DEWEY DECIMAL CLASSIFICATION NUMBER
Classification number 823.92
100 ## - MAIN ENTRY--PERSONAL NAME
Personal name Gywneth Rees
Relator term Rees,Gywneth
Form subheading Cosmo and the Magic Sneeze
Language of a work English
Title of a work Cosmo and the Magic Sneeze
245 ## - TITLE STATEMENT
Title Cosmo and the Magic Sneeze
260 ## - PUBLICATION, DISTRIBUTION, ETC.
Place of publication, distribution, etc. London
Name of publisher, distributor, etc. Macmillan Children's Books
Date of publication, distribution, etc. 2004/2005
300 ## - PHYSICAL DESCRIPTION
Extent 247
Dimensions 12.5cm
942 ## - ADDED ENTRY ELEMENTS (KOHA)
Source of classification or shelving scheme
Classification part 823.92
Holdings
Withdrawn status Lost status Source of classification or shelving scheme Damaged status Not for loan Collection code Permanent Location Current Location Shelving location Date acquired Total Checkouts Full call number Barcode Date last seen Date last checked out Price effective from Koha item type Public note
          Fiction KH8 Primary School Library KH8 Primary School Library Fiction 2025-01-07 1 823.92 REE KHPL000004724 2025-12-05 2025-08-28 2025-01-07 Books - Fiction PRIMARY LIBRARY

Powered By KH8 IT Dept